Proyect work /
Guardado en:
| Autor Principal: | |
|---|---|
| Formato: | Libro |
| Publicado: |
New York :
Oxford English,
1986
|
| Materias: | |
| Etiquetas: |
Agregar Etiqueta
Sin Etiquetas, Sea el primero en etiquetar este registro!
|
| LEADER | 00542nam a22001935a 4500 | ||
|---|---|---|---|
| 001 | CEM.cems010215 | ||
| 005 | 20080604084904.0 | ||
| 008 | 130507s1986##################000#0#####d | ||
| 003 | CEMS | ||
| 020 | |a 0194370925 | ||
| 082 | 0 | 4 | |a 428.64 |
| 100 | 1 | |a Fried Bootth, Diana L. | |
| 245 | 1 | 0 | |a Proyect work / |c Diana L. Fried-booth |
| 260 | |a New York : |b Oxford English, |c 1986 | ||
| 300 | |a 89 p. | ||
| 500 | |a Resource book for teachers | ||
| 653 | |a Inglés | ||
| 653 | |a Inglés-textos | ||
| 859 | |a CEMS |b BIB. CEMS - 11 de abril |h 428.64 |i F912-3 |p 20287.99 |t Ej.1 | ||
